LEADER 00906nam 2200289 n 450 001 9910131084803321 005 20110524111546.0 035 $a(CKB)3460000000086524 035 $a(ItFiC)it 002464776 035 $a(EXLCZ)993460000000086524 100 $a20110524d2010 uy 101 0 $aita 200 00$aVerso la cittą $eforme insediative in Lucania e nel mondo italico fra IV e III sec. a.C. : atti delle giornate di studio, Venosa, 13-14 maggio 2006 /$fa cura di Massimo Osanna 210 $aVenosa $cOsanna$d2009 215 $aP. 7-526 311 $a88-8167-356-8 311 $a88-8167-278-2 517 $aVerso la cittą 607 $aBasilicata (Italy)$xAntiquities$vCongresses 676 $a937 701 $aOsanna$b Massimo$0327918 801 0$bItFiC 801 1$bItFiC 906 $aBOOK 912 $a9910131084803321 996 $aVerso la cittą$92429874 997 $aUNINA LEADER 01082cam a22002654i 4500 001 991002520729707536 008 140519s2011 us ab b 001 0 eng 020 $a9780521895484 020 $a9781107634152 035 $ab14187802-39ule_inst 040 $aDip.to di Storia, Societą e Studi sull'Uomo$bita 082 04$a305.892404709034 100 1 $aKlier, John Doyle$0296247 245 10$aRussians, Jews, and the pogroms of 1881-1882 /$cJohn Doyle Klier 260 $aCambridge :$bCambridge university press,$c2011 300 $aXXIV, 492 p. :$bill. ;$c24 cm. 504 $aInclude bibliografia (p. 463-477) e indici 650 4$aEbrei$xPersecuzioni$zUnione Sovietica 650 4$aEbrei$zUnione Sovietica$xCondizioni sociali$ySec. 19. 907 $a.b14187802$b22-09-14$c19-05-14 912 $a991002520729707536 945 $aLE023 305.892 KLI 1 1$g1$i2023000167724$lle023$op$pE37.40$q-$rl$s- $t0$u1$v1$w1$x0$y.i15624729$z11-07-14 996 $aRussians, Jews, and the pogroms of 1881-1882$9259357 997 $aUNISALENTO 998 $ale023$b13-06-14$cm$da $e-$feng$gus $h0$i0